000 00546nam a2200145 i 4500
001 95349
003 ES-MaACL
005 20230906181703.0
007 t|
008 050526s1924 sp ||||1| spa d
100 1 _aLuytgaerens
_ccanónigo.
_974897
245 1 3 _aLa liga de campesinos en religiosa asamblea social católico-agraria, con motivo de la inauguración de la casa propia del sindicato central de Aragón
_b: Conferencia /
_cpor el canónigo Luytgaerens.
260 _aMadrid :
_bEditorial Ibérica,
_c1924.
852 _aES-MaACL
_j1697-F-7
999 _c95349
_d95349